Statistics for Eurovision Test #3

Click here to take the quiz!

General Stats

  • This quiz has been taken 29 times
  • The average score is 9 of 15

Answer Stats

QuestionAnswer% Correct
How many wins does Israel have?4
88%
What was the first country to win three times in a rowIreland
84%
How may points did Czechia received from the televote in 2016?0 points
80%
1991 was the only contest to have been hosted by 2 past winners. They were Toto Cutugno and...Gigliola Cinquetti
80%
Lithuania's best result was in 2006. What placed did they acheived?6th
76%
Who gave Yugoslavia their only win after their dissolution?Riva
76%
Austria's 2nd host entry received 0 points. In what year did this happened?2015
72%
Which of the following did not place 2nd for the United KingdomLonely Symphony
68%
Why did Sweden, Finland, Norway and Portugal did boycott the contest in 1970?Unhappy with the results of the previous year
52%
Since when does Malta participates in Eurovision?1971
48%
Who was the first person to represent two different countries in ESC?Jean Philippe
48%
What's the country with the most 3rd placesFrance
44%
What was the last year with an orchestra?1998
36%
What was the first year without a single debut?1962
20%
Ireland received their first points ever in their debut in 1965. Who gave them?Portugal
16%

Score Distribution

Percentile by Number Answered

Percent of People with Each Score

Your Score History

You have not taken this quiz